zpět

Detail výsledku týmu

Suzie's, Brno

Datum a čas kvízu

33.5 Celkem bodů Celkový počet nahraných bodů na tomto kvízu bez doplňovacích otázek.
3. Pořadí na kvízu Konečné umístění týmu na tomto kvízu.

Zaznamenané odpovědi

# Otázka Odpověď Body Výsledky
1. V pátek se dostala do prodeje... vlky 1
2. V jedné evropské zemi platí od... Itálie 0
3. Drony na Havaji zachytily neob... barví se do růžova 1
4. Který maloobchodní řetězec půs... Billa 0
5. Napište název nočního klubu v... Belmondo 1
6. Na začátek tématu a otázky si... třetím 1
7. Rozlohou třetí největší africk... Malawi 0
8. Novinář Tomáš Poláček se před... 1B 2C 3D 4A 1
9. Jak se jmenuje město na úpatí... Kapské město (Cape Town) 1
10. Afrika se trhá, od zbytku se o... C 1